| 000 | 01642cam a2200433 a 4500 | ||
|---|---|---|---|
| 001 | 22290 | ||
| 003 | VRT | ||
| 005 | 20260325124642.0 | ||
| 008 | 240314s2011 xo 000 f slo | ||
| 015 | _aSNBA2012/02-00613 | ||
| 020 |
_a9788055124865 _q(viaz.) |
||
| 035 | _a6B793B10-AAD2-44E2-8870-0A8371AE51EF | ||
| 035 | _aurn:nbn:sk:snk-amjiiv | ||
| 035 | _aurn:nbn:sk:snk-am002gqd | ||
| 039 | 9 |
_a202403140846 _bVLOAD _c202107051349 _dAUTHORITY _c201902041446 _dAUTHORITY _c201508271403 _dVLOAD |
|
| 040 |
_aSVKBB _bslo _cSVKBB _dPPPK _dSNK _eAACR2 |
||
| 041 | 0 |
_aslo _heng |
|
| 044 |
_axo _cSK |
||
| 072 | 7 |
_a821.111 _xAnglická literatúra, anglicky písaná _2konspekt |
|
| 080 |
_a821.111-31 _22 2001 |
||
| 100 | 1 |
_aPearson, Allison, _d1960- _4aut |
|
| 240 | 1 | 0 |
_aI think i love you _lSlovensky |
| 245 | 1 | 0 |
_aMyslím, že ťa ľúbim _cAllison Pearsonová ; [z anglického originálu preložila Oľga Hlaváčová] |
| 250 | _a[1. vyd.] | ||
| 260 |
_aBratislava _bIkar _c2011 |
||
| 300 |
_a358 s. _c21 cm |
||
| 655 | 7 |
_aanglické romány _2SNKPH |
|
| 655 | 7 |
_aEnglish fiction _2SNKPHeng |
|
| 700 | 1 |
_aHlaváčová, Oľga _c(prekladateľka) _4trl |
|
| 942 |
_2ddc _cKLDO _n0 |
||
| 949 |
_6270001000384975 _asvkbbA 132229 _bsvkbbm 720485 |
||
| 949 |
_617A0717089 _asnkSC 146588 _bsnk2011/18319 _o1919/11 |
||
| 949 |
_617A0718339 _asnkSC 146588 D1 _bsnk2011/19661 _o1919/11 _s6100:20140925 |
||
| 949 |
_62889175788 _asavukPV 15590 _bsavuk2011/5389 |
||
| 949 |
_63869A19745 _abpksh821.111-31 _bbpksh60050 |
||
| 949 |
_6273K0561528 _asvkpoA 218434 _bsvkpo563692 |
||
| 980 | _a821.111-31 | ||
| 999 |
_c22290 _d22290 |
||